000
00287nam a22001337a 4500
008
170529b xxu||||| |||| 00| 0 eng d
020
_a
0809456540
041
_a
eng
080
_a
007.52
100
_a
27
101
_a
im
245
_a
COMPUTER BASICS
_c
GRUNWALD, H.A
942
_2
udc
_c
BK
999
_c
14874
_d
14874